| LEADER |
02443ngm0a2200517 450 |
| 001 |
16848521 |
| 100 |
|
|
|a 20141128d2013 u u0frey01 ba
|
| 101 |
1 |
|
|a eng
|c eng
|
| 102 |
|
|
|a US
|
| 200 |
0 |
|
|a Mad Men
|f Chris Manley, Scott Hornbacher, Michael Uppendahl, réal.
|g Rick Cleveland, Lisa Albert, Matthew Weiner, scénario - David Carbonara, comp. - Christina Hendricks, Elisabeth Moss, Brian Batt, January Jones, Vincent Kartheiser, Jon Hamm, ... [et al.] act.
|
| 207 |
|
1 |
|a
|
| 210 |
|
|
|a Paris
|c Seven sept
|d 2013
|
| 215 |
|
|
|a 3 DVD vidéo monoface zone 2 (05 h 50 mn)
|c 16/9, coul., (PAL), Son. (Dolby Digital 5.1)
|
| 300 |
|
|
|a Langues principales : anglais, français; Sous-Titres : français
|
| 327 |
|
|
|a Contient les 7 premiers épisodes de la saison 7 : 'Décalage perpétuel', 'Dur labeur', Sortie spéciale', 'L'Intrus', 'Parole de scout', 'Rapprochement stratégique', 'Nouvelle perspective'.,Décalage perpétuel,Dur labeur,Sortie spéciale,L'Intr
|
| 330 |
|
|
|a Janvier 1969. Don Draper est un homme déchu. L'homme qui incarnait la réussite new-yorkaise part s'installer à Los Angeles pour tenter de renaître de ses cendres... L'ultime saison de 'Mad Men'! C'est le moment ou jamais d'en savoir plus sur cette plongée culte dans l'Amérique des sixties et le milieu de la pub.
|
| 464 |
|
|
|a Contient les 7 premiers épisodes de la saison 7 : 'Décalage perpétuel'
|
| 464 |
|
|
|a 'Dur labeur'
|
| 464 |
|
|
|a Sortie spéciale'
|
| 464 |
|
|
|a 'L'Intrus'
|
| 464 |
|
|
|a 'Parole de scout'
|
| 464 |
|
|
|a 'Rapprochement stratégique'
|
| 464 |
|
|
|a 'Nouvelle perspective'.
|
| 464 |
|
|
|a Décalage perpétuel
|
| 464 |
|
|
|a Dur labeur
|
| 464 |
|
|
|a Sortie spéciale
|
| 464 |
|
|
|a L'Intrus
|
| 464 |
|
|
|a Parole de scout
|
| 464 |
|
|
|a Rapprochement stratégique
|
| 464 |
|
|
|a Nouvelle perspective
|
| 700 |
|
0 |
|a Uppendahl
|b Michael
|4 370
|
| 701 |
|
0 |
|a Hornbacher
|b Scott
|4 370
|
| 701 |
|
0 |
|a Manley
|b Chris
|4 370
|
| 702 |
|
0 |
|a Weiner
|b Matthew
|4 690
|
| 702 |
|
0 |
|a Albert
|b Lisa
|4 690
|
| 702 |
|
0 |
|a Cleveland
|b Rick
|4 690
|
| 702 |
|
0 |
|a Carbonara
|b David
|4 230
|
| 702 |
|
0 |
|a Hamm
|b Jon
|4 5
|
| 702 |
|
0 |
|a Kartheiser
|b Vincent
|4 5
|
| 702 |
|
0 |
|a Jones
|b January
|4 5
|
| 702 |
|
0 |
|a Batt
|b Brian
|4 5
|
| 702 |
|
0 |
|a Moss
|b Elisabeth
|4 5
|
| 702 |
|
0 |
|a Hendricks
|b Christina
|4 5
|
| 900 |
|
|
|a Film
|
| 901 |
|
|
|a Accessible au prêt
|
| 995 |
|
|
|a Bibliothèque
|c Bibliothèque
|f 00156008468084
|h 00156008468084
|k S MAD 7.1
|o p
|q a
|r gd
|e Bibliothèque
|